Ese General Belgrano y otros poemas / (Registro nro. 54)
[ vista simple ]
| 000 -LEADER | |
|---|---|
| fixed length control field | 01636nam a22001937a 4500 |
| 003 - CONTROL NUMBER IDENTIFIER | |
| control field | OSt |
| 005 - DATE AND TIME OF LATEST TRANSACTION | |
| control field | 20240626104121.0 |
| 008 - FIXED-LENGTH DATA ELEMENTS--GENERAL INFORMATION | |
| fixed length control field | 230704s2013 ag ||||| |||| 00| p spa d |
| 020 ## - INTERNATIONAL STANDARD BOOK NUMBER | |
| International Standard Book Number | 9789872630140 |
| 040 ## - CATALOGING SOURCE | |
| Language of cataloging | spa |
| Transcribing agency | besoc |
| 100 1# - MAIN ENTRY--PERSONAL NAME | |
| Personal name | Oliva, Aldo |
| Dates associated with a name | (1927-2000) |
| Relator term | autor |
| 245 10 - TITLE STATEMENT | |
| Title | Ese General Belgrano y otros poemas / |
| Statement of responsibility, etc. | Aldo Oliva ; prólogo y notas Roberto García |
| 250 ## - EDITION STATEMENT | |
| Edition statement | 2a ed. |
| 260 ## - PUBLICATION, DISTRIBUTION, ETC. | |
| Place of publication, distribution, etc. | Rosario : |
| Name of publisher, distributor, etc. | emr, |
| Date of publication, distribution, etc. | 2016 |
| 300 ## - PHYSICAL DESCRIPTION | |
| Extent | 101 p. |
| 505 1# - FORMATTED CONTENTS NOTE | |
| Formatted contents note | Banderas y poemas .- Imágenes renuentes: Travesía; La jornada en el Ehret; Les sanglots de la lyre; En el teatro; Emblema problema; El retrato; Lucro poético; D.N.I; Andrajo metafísico; Crónica de un desalojo; El abrazo imposible de la Venus del Milo; Ejercicio girando en la pérdida; Idilio; Un chamuyo misterioso me acorrala el corazón; Juegos florales; Canto rodado; ¿Todo bien? (dicho argentino); Mercado de poesía; Frente al balcón; Parábola; Rasgo fugaz; Contramarcha; Mañanita de floreo; Solapadas historia y arte; Fábula barrial: primavera; Bajo la risa de los dioses; Cascada añeja; Fanal en aguas turbulentas; Rumbo; Hora electiva; Pina, mi unívoca hermana; Aurora; ¿Ahora o siempre? Encrucijada del sueño; Plenilunio; Deslizamiento feliz; Rocas y flores; Calandria; Reloj de sangre; Pies desnudos; El ascensor de hiedra -- Avizoramientos en espejo retrovisor: Mupunkes; French -- Ese General Belgrano: Cuadro I, consulado; Cuadro II, mayo pluvial, 1810; Cuadro III, bandera prohibida; Movimiento, la desobediencia debida; Movimiento final, anábasis hacia el turbio Sur.- |
| 650 ## - SUBJECT ADDED ENTRY--TOPICAL TERM | |
| Topical term or geographic name entry element | Literatura Argentina |
| Form subdivision | Poesía |
| General subdivision | Siglo XX |
| 942 ## - ADDED ENTRY ELEMENTS (KOHA) | |
| Source of classification or shelving scheme | Universal Decimal Classification |
| Koha item type | Obra General |
| Suppress in OPAC | No |
| Withdrawn status | Lost status | Source of classification or shelving scheme | Damaged status | Not for loan | Collection | Home library | Current library | Date acquired | Total checkouts | Full call number | Barcode | Date last seen | Price effective from | Koha item type |
|---|---|---|---|---|---|---|---|---|---|---|---|---|---|---|
| Universal Decimal Classification | Colección General | Biblioteca Escuela de Ciencias Sociales | Biblioteca Escuela de Ciencias Sociales | 31/08/2023 | 82-1(821.6) OL48 | 000126 | 31/08/2023 | 31/08/2023 | Obra General |